00498nam a2200181Ia 450000500170000000800410001704000190005804100120007708200170008910000170010624500690012326000360019230000220022850400190025065000190026965100180028885000100030620231106113910.0131103s9999 xx 000 0 und d aLoreto College aEnglish a796.522bBUS aBusk,Douglas 4aThe Delectable MountainscDouglas BuskbSketches by Bridget Busk aLondonbHodder & Stougtonc1946 axi,274 p.b plate aIncludes index aMountaineering aOutdoor Games aLCLIB